[Event "Fast Large KO for ALL"]
[Site "SchemingMind.com"]
[Date "2007.08.26"]
[Round "-"]
[White "Dread"]
[Black "fourluxflakes"]
[Result "1-0"]
[WhiteCountry "GER"]
[BlackCountry "ENG"]
[WhiteElo "2156"]
[WhiteRD "86"]
[BlackElo "1947"]
[BlackRD "66"]
[GameID "117829"]

1. e4 Nf6 2. e5 Nd5 3. d4 d6 4. Nf3 Bg4 5. c4 Nb6 6. h3 Bxf3 7. Qxf3 dxe5 8. dxe5 e6 9. a3 Nc6 10. Bf4 Qd4
11. Nc3 Nxe5 12. Qg3 Nexc4 13. Rd1 Qf6 14. Nb5 Bd6 15. Bxd6 cxd6 16. Nc7+ Ke7 17. Nxa8 Rxa8 18. Bxc4 Nxc4 19. O-O Ne5 20. Qb3 b6
21. f4 Nd7 22. Qc2 d5 23. f5 Qg5 24. fxe6 fxe6 25. Qc6 Rd8 26. Rde1 Nc5 27. Qc7+ Rd7 28. Qb8
1-0

[Event "Fast Large KO for ALL"]
[Site "SchemingMind.com"]
[Date "2007.08.26"]
[Round "-"]
[White "fourluxflakes"]
[Black "Dread"]
[Result "0-1"]
[WhiteCountry "ENG"]
[BlackCountry "GER"]
[WhiteElo "1947"]
[WhiteRD "66"]
[BlackElo "2156"]
[BlackRD "86"]
[GameID "117836"]

1. e4 e6 2. Nf3 d5 3. e5 c5 4. b4 cxb4 5. a3 Nc6 6. axb4 Bxb4 7. c3 Ba5 8. d4 Qb6 9. Bd2 Qb2 10. Ra3 Qb6
11. Bd3 Nge7 12. Rb3 Qc7 13. O-O a6 14. Ng5 h6 15. Qh5 g6 16. Qh3 Kf8 17. f4 Kg7 18. Nf3 b5 19. g4 h5 20. f5 exf5
21. gxf5 Nxf5 22. Bxf5 Bxf5 23. Qh4 Qd7 24. Bg5 Rhe8 25. Rb2 Bxb1 26. Bf6+ Kg8 27. Rg2 Bd8 28. Rxb1 Qf5 29. Rf1 Bxf6 30. exf6 Re4
31. Qg3 Rg4 32. Qd6 Rxg2+ 33. Kxg2 Rc8 34. Ne5 Qc2+ 35. Rf2 Qe4+ 36. Nf3 b4 37. cxb4 Nxd4 38. Qxa6 Qg4+
0-1

[Event "Fast Large KO for ALL"]
[Site "SchemingMind.com"]
[Date "2007.08.30"]
[Round "-"]
[White "Adunatos"]
[Black "1tamad"]
[Result "1-0"]
[WhiteCountry "NED"]
[BlackCountry "USA"]
[WhiteElo "2263"]
[WhiteRD "58"]
[BlackElo "1810"]
[BlackRD "85"]
[GameID "117975"]

1. e4 e6 2. d4 d5 3. Nc3 Bb4 4. e5 c6 5. Qg4 g6 6. Bd3 Qa5 7. Bd2 Ne7 8. Nf3 Nf5 9. a3 Be7 10. Qf4 Qd8
11. h4 b6 12. O-O-O Ba6 13. Bxf5 exf5 14. h5 Nd7 15. e6 fxe6 16. hxg6 Nf6 17. Ng5 Kd7 18. Qe5 Bd6 19. Qxe6+ Kc7 20. Nf7
1-0

[Event "Fast Large KO for ALL"]
[Site "SchemingMind.com"]
[Date "2007.08.30"]
[Round "-"]
[White "1tamad"]
[Black "Adunatos"]
[Result "0-1"]
[WhiteCountry "USA"]
[BlackCountry "NED"]
[WhiteElo "1810"]
[WhiteRD "85"]
[BlackElo "2263"]
[BlackRD "58"]
[GameID "117981"]

1. d4 Nf6 2. e3 c5 3. c3 d5 4. Bd3 Nc6 5. f4 g6 6. Nf3 Bg7 7. O-O O-O 8. Nbd2 a5 9. Ne5 Qc7 10. a4 Rd8
11. Kh1 Be6 12. Rf3 Ng4 13. Rg3 Nf2+
0-1

[Event "Fast Large KO for ALL"]
[Site "SchemingMind.com"]
[Date "2007.09.14"]
[Round "-"]
[White "Darko"]
[Black "jtrochez1"]
[Result "1-0"]
[WhiteCountry "ROU"]
[BlackCountry "HON"]
[WhiteElo "2008"]
[WhiteRD "80"]
[BlackElo "1500"]
[BlackRD "47"]
[GameID "120655"]

1. e4 c5 2. Nf3 d6 3. d4 cxd4 4. Nxd4 e5 5. Bb5+ Bd7 6. Bxd7+ Nxd7 7. Nf5 Qb6 8. Nc3 Ngf6 9. O-O Nc5 10. Nd5 Nxd5
11. Qxd5 Ne6 12. b3 Qc6 13. Rd1 Qxd5 14. Rxd5 Rd8 15. Ba3 Nf4 16. Nxd6+ Bxd6 17. Rxd6 O-O 18. Rad1 Ne6 19. Rxd8 Rxd8 20. Rxd8+ Nxd8
21. f3 f6 22. Kf2 Ne6 23. Bc1 Kf7 24. Be3 b6 25. c4 Ke7 26. Ke2 Kd6 27. b4 Kc6 28. Kd3 Kd6 29. a4 h6 30. h4 h5
31. g3 g5 32. a5 Kc6 33. b5+ Kb7 34. c5 bxc5 35. Kc4 Ng7 36. a6+ Ka8 37. Kxc5 Ne6+ 38. Kd5 Nc7+ 39. Kc6 Kb8 40. Bxa7+ Kxa7
41. b6+
1-0

[Event "Fast Large KO for ALL"]
[Site "SchemingMind.com"]
[Date "2007.09.14"]
[Round "-"]
[White "jtrochez1"]
[Black "Darko"]
[Result "0-1"]
[WhiteCountry "HON"]
[BlackCountry "ROU"]
[WhiteElo "1500"]
[WhiteRD "47"]
[BlackElo "2008"]
[BlackRD "80"]
[GameID "120668"]

1. e4 c5 2. Nf3 d6 3. d4 cxd4 4. Nxd4 Nf6 5. Nc3 a6 6. Nd5 Nxe4 7. c3 e6 8. Ne3 Nc6 9. Nxc6 bxc6 10. Bd3 Nc5
11. Bc2 Be7 12. O-O O-O 13. b4 Nd7 14. a3 Bb7 15. Re1 Qc7 16. Qh5 g6 17. Qh3 Bf6 18. Bb2 a5 19. Ng4 Bg7 20. Nh6+ Kh8
21. Rab1 c5 22. f3 axb4 23. Nxf7+ Kg8 24. Ng5 Rfe8 25. Qxh7+ Kf8 26. Rxe6 Ne5 27. Bxg6 Re7 28. f4 Nc4 29. Qh3 Bc8 30. Nh7+ Kg8
31. cxb4 Rxe6 32. Qh4 Rxg6 33. Bxg7 Qxg7 34. Ng5 Nxa3 35. Re1 Bb7 36. Re3 Qa1+ 37. Kf2 Qb2+ 38. Re2 Qd4+ 39. Kf1 Rg7 40. Ne6 Qd1+
41. Qe1 Bxg2+ 42. Kf2 Qxe1+ 43. Rxe1 Rg4 44. bxc5 Bd5 45. Nc7 Rxf4+ 46. Kg3 Rf3+ 47. Kg4 Ra4+ 48. Kg5 Re4 49. Rxe4 Bxe4 50. cxd6 Bc6
51. Ne6 Bd7 52. Nf4 Nb5 53. Nh5 Kf7 54. Nf4 Nxd6
0-1

[Event "Fast Large KO for ALL"]
[Site "SchemingMind.com"]
[Date "2007.10.18"]
[Round "-"]
[White "jankep"]
[Black "Adunatos"]
[Result "1-0"]
[WhiteCountry "POL"]
[BlackCountry "NED"]
[WhiteElo "2086"]
[WhiteRD "78"]
[BlackElo "2256"]
[BlackRD "61"]
[GameID "124940"]

1. d4 Nf6 2. c4 g6 3. Nc3 d5 4. cxd5 Nxd5 5. e4 Nxc3 6. bxc3 Bg7 7. Nf3 c5 8. Be3 Qa5 9. Qd2 Nc6 10. Rc1 cxd4
11. cxd4 Qxd2+ 12. Kxd2 O-O 13. d5 Rd8 14. Ke1 Na5 15. Bd2 b6 16. Bb4 e6 17. Be7 exd5 18. Bxd8
1-0

[Event "Fast Large KO for ALL"]
[Site "SchemingMind.com"]
[Date "2007.10.18"]
[Round "-"]
[White "Adunatos"]
[Black "jankep"]
[Result "1-0"]
[WhiteCountry "NED"]
[BlackCountry "POL"]
[WhiteElo "2256"]
[WhiteRD "61"]
[BlackElo "2086"]
[BlackRD "78"]
[GameID "124944"]

1. e4 e6 2. d4 d5 3. Nc3 Nf6 4. e5 Ne4 5. Nxe4 dxe4 6. Be3 c5 7. dxc5 Nd7 8. Qg4 Nxc5 9. Bb5+ Nd7 10. Ne2 Qa5+
11. Nc3 a6 12. Be2 Nxe5 13. Qxe4 Bd7 14. f4 Nc6 15. O-O-O Be7 16. Kb1 Rd8 17. Qf3 O-O 18. Qf2 Qf5 19. g4 Qg6 20. Bb6 Rc8
21. Rxd7
1-0